000 02016cpcaa2200361 a 4500
001 mm2009085494
003 DLC
005 20260227111731.0
008 090911|||| ||| ||| eng
010 _amm2009085494
040 _aDLC
_cDLC
_edacs
_dDLC
072 7 _aW
_2lcmd
100 1 _aRobinson, William E.
_q(William Erigena),
_d1814-1892.
245 0 0 _aWilliam E. Robinson family papers,
_f1841-2009.
300 _a100
_fitems.
300 _a1
_fcontainer plus
_a1
_foversize.
300 _a0.4
_flinear feet.
351 _aArranged alphabetically by name of family member.
506 0 _aOpen to research.
520 8 _aCorrespondence, speeches, biographical material, certificates, diplomas, photographs, printed matter, and other papers of the Robinson family. Includes printed speeches of William E. Robinson (1814-1892) as U.S. representative from New York and tickets to the U.S. Senate gallery for the impeachment of Andrew Johnson. Also includes papers of Robinson's son, William Adams Robinson (1870-1920); grandson, William E. Robinson (1905-1951); and great-grandson, William Adams Robinson (1936-2007).
545 0 _aU.S. representative from New York and journalist.
546 _aCollection material in English.
600 3 0 _aRobinson family.
651 0 _aUnited States
_xPolitics and government
_y1865-1869.
600 1 0 _aJohnson, Andrew,
_d1808-1875
_xImpeachment.
656 7 _aJournalists.
_2itoamc
656 7 _aRepresentatives, U.S. Congress
_zNew York (State)
_2itoamc
700 1 _aRobinson, William Adams,
_d1870-1920.
_tWilliam Adams Robinson papers.
_f1877-1920.
700 1 _aRobinson, William Adams,
_d1936-2007.
_tWilliam Adams Robinson papers.
_f1958-2009.
700 1 _aRobinson, William E.
_q(William Erigena),
_d1814-1892.
_tWilliam E. Robinson papers.
_f1841-1886.
700 1 _aRobinson, William E.
_q(William Erigena),
_d1905-1951.
_tWilliam E. Robinson papers.
_f1921-1951.
999 _c44809
_d44809